[Event "Barcelona La Lira op"]
[Site "Barcelona"]
[Date "1996.??.??"]
[Round "5"]
[White "Arroyo Izquiano, Leonardo"]
[Black "Paniego Alvarez, Marc Antoni"]
[Result "0-1"]
[WhiteElo "2040"]
[BlackElo "1955"]
[PlyCount "105"]
[EventDate "1996.??.??"]
[EventType "swiss"]
[EventRounds "8"]
[EventCountry "ESP"]
[SourceTitle "EXT 2003"]
[Source "ChessBase"]
[SourceDate "2002.11.25"]
[SourceVersion "1"]
[SourceVersionDate "2002.11.25"]
[SourceQuality "1"]

1. e4 c5 2. Nf3 d6 3. d4 cxd4 4. Nxd4 e5 5. Nb5 a6 6. N5a3 h6 7. Nc3 Nf6 8. Bd3 Be7 9. Nc4 b5 10. Ne3 0-0 11. a3 Be6 12. Qf3 Nbd7 13. 0-0 Nb6 14. Be2 Qc7 15. Rd1 Rfd8 16. Qg3 Kh8 17. Bd2 d5 18. exd5 Nbxd5 19. Ncxd5 Nxd5 20. Nxd5 Bxd5 21. Bc3 Bf6 22. Bd3 Bc4 23. Be4 Rxd1+ 24. Rxd1 Rd8 25. Re1 Bd5 26. Bf5 Qc6 27. h3 e4 28. Ba5 Re8 29. c3 g6 30. Bg4 Kg7 31. Qc7 h5 32. Be2 Qxc7 33. Bxc7 Rc8 34. Bf4 Bc4 35. Bd1 Bd3 36. Re3 Be7 37. Rg3 Bh4 38. Re3 Be7 39. Bb3 a5 40. Bd5 f5 41. Be5+ Bf6 42. Bxf6+ Kxf6 43. f3 f4 44. Re1 e3 45. h4 Rd8 46. Bc6 Bc4 47. b3 Bxb3 48. Bxb5 Rd2 49. g3 g5 50. hxg5+ Kxg5 51. gxf4+ Kxf4 52. Kf1 Kxf3 53. Be2+ 0-1